000 00361nam a2200145Ia 4500
008 240624s9999 xx 000 0 und d
041 _aeng
082 _a658.15 SHA
100 _aSHARAN V
245 _aINTERNATIONAL FINANCIAL MANAGEMENT
250 _a(3rd ed.)
260 _c2004
_aNew Delhi
_bPrentice-Hall
300 _axv, : 552 : p. : cm. ; 23
365 _cRS
999 _c519
_d519